Problemy współczesnych gospodarek na rynku dodatkowych dobrowolnych ubezpieczeń zdrowotnych w wybranych krajach

Gespeichert in:
Bibliographische Detailangaben
1. Verfasser: Rutkowska, Małgorzata
Format: Buchkapitel
Sprache:Polnisch
Tags: Tag hinzufügen
Keine Tags, Fügen Sie das erste Tag hinzu!

MARC

LEADER 00000naa a2200000 4500
001 0151596
005 20220712135518.1
041 0 |a pol 
044 |a PL 
245 1 0 |a Problemy współczesnych gospodarek na rynku dodatkowych dobrowolnych ubezpieczeń zdrowotnych w wybranych krajach  |c Małgorzata Rutkowska 
100 1 |a Rutkowska, Małgorzata